00634nam a2200157Ia 4500008004100000020001800041050002900059100001600088245007000104260002100174300002000195500006400215650007400279952010600353999001700459120720s9999 xx 000 0 und d a968-18-5268-7 aCONSULTA QA7615 G66 1999 aGOOKIN, DAN aDICCIONARIO ILUSTRADO DE COMPUTACION PARA INEXPERTOS / DAN GOOKIN aMEXICO : NORIEGA a629 P. / 21 CM. aTRADUCCIÓN DE: ILUSTRATED COMPUTER DICTIONARY FOR DOMMIES a1. COMPUTADORAS -- DICCIONARIOS 2. DICCIONARIOS -- COMPUTADORASÌÌ 00104070a03b03d2001-05-15l0oCONSULTA QA7615 G66 1999p03 003893r2012-07-20t1w2012-07-20yLB c80399d80399